| 000 | 00642nam a2200229Ia 4500 | ||
|---|---|---|---|
| 003 | OSt | ||
| 005 | 20260506114707.0 | ||
| 008 | 210210b1991 xxu||||| |||| 00| 0 eng d | ||
| 040 | _cAL | ||
| 041 | _aKannada | ||
| 082 | _a615.535K RENH | ||
| 100 |
_aRENUKA (B K). _dರೇಣುಕಾ (ಬಿ ಕೆ) _9263352 |
||
| 245 |
_aHittala gida maddalla _bಹಿತ್ತಲ ಗಿಡ ಮದ್ದಲ್ಲ |
||
| 260 |
_aBengaluru. _bJanapada Prakashana, _c1991 |
||
| 300 | _a79 | ||
| 650 |
_amaddalla _9263353 |
||
| 650 |
_aHittala _9263354 |
||
| 650 |
_agida _9263355 |
||
| 690 |
_aPharmacology _9263356 |
||
| 906 | _a045779 | ||
| 942 |
_2ddc _cBK |
||
| 999 |
_c95267 _d95267 |
||